00789nam a22002417a 450000500170000001000130001702000220003003500130005203700170006504000120008208200130009410000330010724500630014026000370020327000390024030000240027950000190030365000270032265000210034994200230037099900190039395201350041220170124110057.0 aB-019697 c00.00a8187317566 aB-019697 bCen Lib/ Ret aDPLbEN a613bCHA aChatterjee, Gitanjali 93450 aHealth, Nutrition and diseases /cby Gitanjali Chatterjee  aDelhibRajat publications c2000 a4/32, Geeta colonyb Delhie110031 avi,289p. c21cm(Hb) aIncludes index aHealth science 916285 aNutrition 99307 2ddccENh613mCHA  c129529d129529 00104070aLbLd2015-07-06eCen Lib/Retg0.00l5m1o613 CHApB-019697r2019-07-12 00:00:00s2019-07-08t1v0.00w2016-09-15yEN